00922nam a2200193Ia 450000500170000000800410001702000150005805000190007310000460009224500790013825000180021726000350023530000370027050000300030750503040033765000180064165000400065965000290069920231102150856.0120626s2006 mx a 000 0 spa d a9701508351 aQA76bF47 2006 aFerreyra Cortés, Gonzaloeautord, 1946 aInformáticab : para cursos de bachilleratoc/ Gonzalo Ferreyra Cortés a2a. edición aMéxicob : Alfaomegac, 2006 a616 páginasb : ilustraciones  aReimpresión: 2008, 2007 aAntecedentes de la informática Estructura física de la computadora Estructura lógica de la computadora Redes de internet Procesadores de texto Hojas de cálculo Presentaciones electrónicas Bases de datos Algoritmos y programación Programas procesadores gráficos Programas de multimedios 0aCOMPUTACIÓN 0aCOMPUTADORAS ELECTRONICAS DIGITALES10aPROCESAMIENTO DE DATOS